BANG BANG! - Nessa Barrett - Statistics

General Stats
  • This quiz has been taken 34 times
  • The average score is 162 of 201
Answer Stats
Hint Answer % Correct
a
100%
Outro | Pre-Chorus | Verse 1 I
100%
(I
100%
the
100%
you
100%
You
100%
Chorus Bang
96%
bang
96%
got
96%
if
96%
Refrain If
96%
it
96%
(It
96%
your
96%
Pre-Chorus | Verse 2 I've
92%
So
92%
that
92%
That
92%
thoughts
92%
just
88%
on
88%
to
88%
and
83%
And
83%
But
83%
get
83%
intrusive
83%
sometimes
83%
too
83%
urge
83%
You're
83%
you're
83%
do
79%
is
79%
is)
79%
never
79%
one
79%
really
79%
there
79%
absurd
75%
did
75%
did)
75%
first
75%
kill
75%
know
75%
purge
75%
said
75%
sounds
75%
think
75%
was
75%
about
71%
I'd
71%
song
71%
this
71%
hate
67%
bitch
63%
I'll
63%
kiss
63%
new
63%
way
63%
blow
58%
car
58%
dad
58%
drive
58%
Hell
58%
little
58%
name
58%
with
58%
key
54%
mommy
54%
off
54%
push
54%
roof
54%
back
50%
crowbar
50%
heart
50%
not
50%
send
50%
smart
50%
talk
50%
target
50%
when
50%
cut
46%
list
46%
much
46%
tell
46%
up
46%
my
42%
shut
42%
them
42%
fell
38%
breaks
33%
can't
33%
stop
29%
these
29%
(Fuck)
8%
(Hey)
8%
No matching quizzes found
Score Distribution
Percent of People with Each Score
Percentile by Number Answered
Your Score History
You have not taken this quiz